000 00306nam a2200145Ia 4500
003 OSt
005 20240415105242.0
008 170523s9999 xx 000 0 und d
020 _aNIL
040 _cIIMTU MEERUT
100 _aWELSH
245 0 _aBUDGETING
260 _bTATA MC GRAW HILL
942 _2ddc
_c02
999 _c2003
_d2003